Formula One Drivers to lead the World Championship - Statistics

General Stats
  • This quiz has been taken 228 times
    47 since last reset
  • The average score is 38 of 64
Answer Stats
Grand Prix First Answer % Correct
126 2007 Lewis Hamilton
100%
78 2021 Max Verstappen
100%
121 1994 Michael Schumacher
100%
9 2025 Lando Norris
98%
48 1986 Ayrton Senna
96%
52 2005 Fernando Alonso
96%
62 2010 Sebastian Vettel
96%
78 1982 Alain Prost
93%
15 2025 Oscar Piastri
93%
12 Kimi Räikkönen
85%
20 Jenson Button
83%
3 Keke Rosberg
80%
29 Nico Rosberg
78%
17 Damon Hill
76%
28 Graham Hill
76%
25 Nigel Mansell
76%
42 Niki Lauda
76%
5 2022 Charles Leclerc
74%
4 Phil Hill
74%
15 Alberto Ascari
72%
2 Felipe Massa
72%
2 Gilles Villeneuve
72%
5 Giuseppe Farina
72%
5 Jacques Villeneuve
72%
34 Juan Manuel Fangio
72%
1 James Hunt
70%
5 Valtteri Bottas
70%
26 Emerson Fittipaldi
67%
33 Jackie Stewart
67%
27 Mika Häkkinen
67%
20 Nelson Piquet
67%
15 Jody Scheckter
65%
6 Mark Webber
65%
10 Alan Jones
63%
21 Jim Clark
63%
5 Mike Hawthorn
63%
24 Jack Brabham
61%
8 Jochen Rindt
61%
16 Mario Andretti
61%
8 Stirling Moss
59%
1 John Surtees
57%
3 David Coulthard
54%
13 Denny Hulme
52%
1 2008 Robert Kubica
52%
1 Giancarlo Fisichella
50%
5 Eddie Irvine
48%
6 Bruce McLaren
39%
13 Carlos Reutemann
39%
4 Didier Pironi
39%
6 1985 Michele Alboreto
37%
3 René Arnoux
37%
7 Clay Regazzoni
30%
3 John Watson
30%
2 Peter Collins
26%
4 Jacques Laffite
24%
2 Wolfgang von Trips
24%
2 1985 Elio de Angelis
22%
1 Felipe Musso
17%
2 Maurice Trintignant
15%
1 Patrick Depailler
13%
1 Pedro Rodriguez
13%
2 Piero Taruffi
13%
1 Lorenzo Bandini
11%
3 Jean Behra
9%
No matching quizzes found
Score Distribution
Percent of People with Each Score
Percentile by Number Answered
Your Score History
You have not taken this quiz since the last reset